irrigation and drainage engineering (Record no. 356)

000 -LEADER
fixed length control field 00469 a2200169 4500
003 - CONTROL NUMBER IDENTIFIER
control field NUST
005 - DATE AND TIME OF LATEST TRANSACTION
control field 20240107100137.0
008 - FIXED-LENGTH DATA ELEMENTS--GENERAL INFORMATION
fixed length control field 240103b ||||| |||| 00| 0 eng d
020 ## - INTERNATIONAL STANDARD BOOK NUMBER
International Standard Book Number 9694072891
082 ## - DEWEY DECIMAL CLASSIFICATION NUMBER
Classification number 627.52
Author Mark SID
100 ## - MAIN ENTRY--PERSONAL NAME
Personal name Siddiqui, Iqtidar H
9 (RLIN) 101
245 ## - TITLE STATEMENT
Title irrigation and drainage engineering
Statement of responsibility, etc. Iqtidar H Siddiqui.
260 ## - PUBLICATION, DISTRIBUTION, ETC.
Place of publication, distribution, etc. Pakistan
Name of publisher, distributor, etc. Royal Publisher
Date of publication, distribution, etc. 2003
300 ## - PHYSICAL DESCRIPTION
Other physical details ill. ;
Dimensions 26 cm .
650 ## - SUBJECT ADDED ENTRY--TOPICAL TERM
Topical term or geographic name entry element irrigation- drainage
9 (RLIN) 119830
942 ## - ADDED ENTRY ELEMENTS (KOHA)
Source of classification or shelving scheme
Koha item type Book
Holdings
Withdrawn status Lost status Damaged status Not for loan Permanent Location Current Location Shelving location Date acquired Total Checkouts Full call number Barcode Date last seen Price effective from Koha item type Source of classification or shelving scheme Total Renewals Date last checked out
        Central Library (CL) Central Library (CL)   01/07/2024   627.52 SID NIT-5337 01/05/2017 01/05/2017 Book      
        Central Library (CL) Central Library (CL)   01/21/2019 1 627.52 SID NIT-5339 04/16/2025 01/21/2019 Book   4 12/08/2022
        School of Civil and Environmental Engineering (SCEE) School of Civil and Environmental Engineering (SCEE)       627.52 SID NIT-5340 11/04/2022 01/05/2017 Book      
        School of Civil and Environmental Engineering (SCEE) School of Civil and Environmental Engineering (SCEE)         NIT-5341 11/04/2022 01/05/2017 Book      
        School of Civil and Environmental Engineering (SCEE) School of Civil and Environmental Engineering (SCEE)         NIT-5343 01/05/2017 01/05/2017 Book      
        School of Civil and Environmental Engineering (SCEE) School of Civil and Environmental Engineering (SCEE)     2   NIT-5342 11/04/2022 01/05/2017 Book   3 02/26/2021
© 2023 Central Library, National University of Sciences and Technology. All Rights Reserved.